Szczegóły MARC21

Autyzm /

003 -Nazwa inst., której nr kontr. jest w polu 001 [,]
    • @
    • Nazwa instytucji, której n kontrolny jest w polu 001
    • NUKAT
005 -DATA I CZAS OSTATNIEJ MODYFIKACJI [,]
    • @
    • pole kontrolne
    • 20241231101727.0
040 -Instytucja sporządzająca opis [ , ]
    • a
    • Instytucja, która sporządziła opis (NP)
    • OLSZT 003/BG
    • c
    • Instytucja, która sporządziła rekord (NP)
    • OLSZT 003/BG
    • d
    • Instytucja, która zmodyfikowała rekord (P)
    • OLSZT 003/DSs
    • d
    • Instytucja, która zmodyfikowała rekord (P)
    • KR U/42JCs
    • d
    • Instytucja, która zmodyfikowała rekord (P)
    • KR U/mal
041 -Język dokumentu [1, ]
    • a
    • Język tekstu (P)
    • polski
    • h
    • Język tekstu oryginalnego i/lub pośredniego (P)
    • angielski
942 -Rodzaj dokumentu [ , ]
    • c
    • Rodzaj dokumentu
    • Książka
100 -Hasło główne - nazwa osobowa [1, ]
    • a
    • Nazwa osobowa (NP)
    • Konstantareas, M. Mary
    • d
    • Daty biograficzne (NP)
    • (1939- ).
    • 9
    • KHW
    • 492650
245 -Strefa tytułu i oznaczenia odpowiedzialności [1,0]
    • a
    • Tytuł
    • Autyzm / Find
    • c
    • Pozostałe elementy strefy tytułu i oznaczenia odpowiedzialności (NP)
    • M. Mary Konstantareas, Edward B. Blackstock, Christopher D. Webster ; [tł. z jęz. ang. Krzysztof Hipp].
246 -Wariant tytułu [1, ]
    • i
    • Tekst wyświetlany na ekranie monitora (NP)
    • Tyt. oryg.:
    • a
    • Tytuł (NP)
    • Autism :
    • b
    • Ciąg dalszy tytułu (NP)
    • a primer
260 -Strefa adresu wydawniczego [ , ]
    • a
    • Miejsce wydania (P)
    • Warszawa :
    • b
    • Nazwa wydawcy (P)
    • Krajowe Towarzystwo Autyzmu,
    • c
    • Data wydania (P)
    • 1992.
300 -Strefa opisu fizycznego [ , ]
    • a
    • Określenie formy książki i/lub objętość (NP)
    • 176 s. ;
    • c
    • Format (NP)
    • 24 cm.
336 -Typ zawartości [ , ]
    • a
    • Termin opisujący typ zawartości
    • Tekst
    • b
    • Kod określający zawartość
    • txt
    • 2
    • Źródło (terminu i kodu)
    • rdacontent
337 -Typ mediów [ , ]
    • a
    • Tryb odtwarzania
    • Bez urządzenia pośredniczącego
    • b
    • Kod typu mediów
    • n
    • 2
    • Źródło (terminu i kodu)
    • rdamedia
338 -Typ/rodzaj nośnika [ , ]
    • a
    • Hasło opisujące typ nośnika
    • Wolumin
    • b
    • Kod typu nośnika
    • nc
    • 2
    • Źródło (terminu i kodu)
    • rdacarrier
500 -Uwaga ogólna [ , ]
    • a
    • Uwaga ogólna (NP)
    • Karta Praw Osób Autystycznych s. 175-176.
504 -Uwaga dot. bibliogr. załącznikowej [ , ]
    • a
    • Uwaga dot. bibliografii załącznikowej
    • Bibliogr. 164-173.
080 -Uniwersalna Klasyfikacja Dziesiętna [ , ]
    • a
    • Symbol klasyfikacji
    • 616.895
    • 9
    • UKD
    • 4778
    • 2
    • Identyfikator wydania tablic
    • UDC-P058
    • b
    • Dopowiedzenie
    • Choroby psychiczne o przyczynie psychogennej. Psychoza maniakalno-depresyjna. Melancholia. Paranoja.
650 -Hasło przedmiotowe [ ,7]
    • a
    • Hasło przedmiotowe
    • Autyzm.
    • 2
    • Źródło terminu
    • kaba
    • 9
    • KHW
    • 102164
650 -Hasło przedmiotowe [ ,7]
    • a
    • Hasło przedmiotowe
    • Autyzm wczesnodziecięcy.
    • 2
    • Źródło terminu
    • kaba
    • 9
    • KHW
    • 102166
650 -Hasło przedmiotowe [ ,7]
    • a
    • Hasło przedmiotowe
    • Dzieci autystyczne.
    • 2
    • Źródło terminu
    • kaba
    • 9
    • KHW
    • 106894
980 -Symbol UKD [ , ]
    • a
    • UKD
    • 616.895
700 -Hasło dodatkowe - nazwa osobowa [1, ]
    • a
    • Nazwa osobowa (NP)
    • Blackstock, Edward B. Find
    • 9
    • KHW
    • 492651
700 -Hasło dodatkowe - nazwa osobowa [1, ]
    • a
    • Nazwa osobowa (NP)
    • Webster, Christopher D. Find
    • d
    • Daty biograficzne (NP)
    • (1936- ).
    • 9
    • KHW
    • 492652
700 -Hasło dodatkowe - nazwa osobowa [1, ]
    • a
    • Nazwa osobowa (NP)
    • Hipp, Krzysztof. Find
    • e
    • Określenie rodzaju współpracy
    • Tł.
    • 9
    • KHW
    • 492719
710 -Hasło dodatkowe - nazwa ciała zbiorowego [2, ]
    • a
    • Nazwa ciała zbiorowego lub nazwa geograficzna jako pierwszy element (NP)
    • Krajowe Towarzystwo Autyzmu.
    • b
    • Nazwa jednostki podrzędnej (P)
    • Zarząd Główny.
    • 4
    • Kod relacji
    • pbl
    • 9
    • KHW
    • 493593
Lokalizacja Data inwentaryzacji Status udost. Numer inwentarzowy
BG1994-11-091Pd.7497